000 00304nam a2200157Ia 4500
100 _aUgural/ansel
250 _a3
942 _cRB
366 _f20
654 _abeams
245 _aStresses in Beams
260 _bCRC Press
_c2010
082 _bUGU
300 _a574
546 _aENGLISH
_cInfo.Tech
999 _c35451
_d35451